Macroeconomía (Registro nro. 4545)
[ vista simple ]
| 000 -LEADER | |
|---|---|
| fixed length control field | 01918 a2200253 4500 |
| 001 - CONTROL NUMBER | |
| control field | 48106 |
| 005 - DATE AND TIME OF LATEST TRANSACTION | |
| control field | 20260407155747.0 |
| 008 - FIXED-LENGTH DATA ELEMENTS--GENERAL INFORMATION | |
| fixed length control field | 260407a2017 arg spa d |
| 003 - CONTROL NUMBER IDENTIFIER | |
| control field | AR-UNSa-BCEJYS |
| 040 ## - CATALOGING SOURCE | |
| Original cataloging agency | AR-UNSa-BCEJYS |
| Language of cataloging | spa |
| Transcribing agency | AR-UNSa-BCEJYS |
| 080 ## - UNIVERSAL DECIMAL CLASSIFICATION NUMBER | |
| Universal Decimal Classification number | 330.101.541 |
| Common auxiliary subdivision | Macroeconomía |
| 020 ## - INTERNATIONAL STANDARD BOOK NUMBER | |
| International Standard Book Number | 978-84-9035-535-0 |
| 041 ## - LANGUAGE CODE | |
| Language code of text/sound track or separate title | spa |
| 100 1# - MAIN ENTRY--PERSONAL NAME | |
| Personal name | Blanchard, Olivier |
| 245 10 - TITLE STATEMENT | |
| Title | Macroeconomía |
| 250 ## - EDITION STATEMENT | |
| Edition statement | 7a. ed. |
| 264 #1 - PRODUCTION, PUBLICATION, DISTRIBUTION, MANUFACTURE, AND COPYRIGHT NOTICE | |
| Place of production, publication, distribution, manufacture | Madrid : |
| Name of producer, publisher, distributor, manufacturer | Pearson Educación |
| Date of production, publication, distribution, manufacture, or copyright notice | 2017 |
| 300 ## - PHYSICAL DESCRIPTION | |
| Extent | xxii, 510 p. |
| Dimensions | 27 cm. |
| 505 ## - FORMATTED CONTENTS NOTE | |
| Formatted contents note | 1. Una gira por el mundo - 2. Una gira por el libro - 3. El mercado de bienes - 4. Los mercados financieros - 5. Los mercados de bienes y financieros: el modelo IS-LM - 6. Los mercados financieros II: el modelo IS-LM ampliado - 7. El mercado de trabajo - 8. La curva de Phillips, la tasa natural de desempleo y la inflación - 9. Del corto al medio plazo: el modelo IS-LM-PC - 10. Los hechos del crecimiento - 11. El ahorro, la acumulación del capital y la producción - 12. El proceso tecnológico y el crecimiento - 13. El progreso tecnológico: el corto, el medio y el largo plazo - 14. Los mercados financieros y las expectativas - 15. Las expectativas, el consumo y la inversión - 16. Las expectativas, la producción y la política macroeconómica - 17. La apertura de los mercados de bienes y financieros - 18. El mercado de bienes en una economía abierta - 19. La producción, el tipo de interés y el tipo de cambio - 20. Los sistemas de tipo de cambio - 21. ¿Deben imponerse límites a las autoridades económicas? - 22. La política fiscal: recapitulación - 23. La política monetaria: recapitulación - 24. Epílogo: la historia de la macroeconomía - |
| 590 ## - LOCAL NOTE (RLIN) | |
| Local note | niveau_biblio:m niveau_hierar:0 |
| 700 1# - ADDED ENTRY--PERSONAL NAME | |
| Personal name | García de Paso, José Isidoro |
| 856 41 - ELECTRONIC LOCATION AND ACCESS | |
| Uniform Resource Identifier | <a href="https://www.biblioeco.unsa.edu.ar/pmb/images/libros/L127840.jpg">https://www.biblioeco.unsa.edu.ar/pmb/images/libros/L127840.jpg</a> |
| Link text | Imagen de portada |
| Electronic format type | image/jpeg |
| 942 ## - ADDED ENTRY ELEMENTS (KOHA) | |
| Koha item type | |
| Withdrawn status | Lost status | Damaged status | Not for loan | Home library | Current library | Shelving location | Date acquired | Total checkouts | Full call number | Barcode | Date last seen | Price effective from | Koha item type |
|---|---|---|---|---|---|---|---|---|---|---|---|---|---|
| Biblioteca Prof. Eusebio Cleto del Rey | Biblioteca Prof. Eusebio Cleto del Rey | 07/04/2026 | 330.101.541 B638 7ed. | L127840 | 07/04/2026 | 07/04/2026 | Libro | ||||||
| Biblioteca Prof. Eusebio Cleto del Rey | Biblioteca Prof. Eusebio Cleto del Rey | 07/04/2026 | 330.101.541 B638 7ed. | L127841 | 07/04/2026 | 07/04/2026 | Libro | ||||||
| Biblioteca Prof. Eusebio Cleto del Rey | Biblioteca Prof. Eusebio Cleto del Rey | 07/04/2026 | 330.101.541 B638 7ed. | L128158 | 07/04/2026 | 07/04/2026 | Libro | ||||||
| Biblioteca Prof. Eusebio Cleto del Rey | Biblioteca Prof. Eusebio Cleto del Rey | 07/04/2026 | 330.101.541 B638 7ed. | L128159 | 07/04/2026 | 07/04/2026 | Libro | ||||||
| Biblioteca Prof. Eusebio Cleto del Rey | Biblioteca Prof. Eusebio Cleto del Rey | 07/04/2026 | 330.101.541 B638 7ed. | L128160 | 07/04/2026 | 07/04/2026 | Libro |